Childbirth as disaster in Balzac’s L’Enfant maudit and Barbey d’Aurevilly’s Une histoire sans nom (notice n° 1721739)
[ vue normale ]
| 000 -LEADER | |
|---|---|
| fixed length control field | 01319cam a2200157 4500500 |
| 005 - DATE AND TIME OF LATEST TRANSACTION | |
| control field | 20260322002243.0 |
| 041 ## - LANGUAGE CODE | |
| Language code of text/sound track or separate title | fre |
| 042 ## - AUTHENTICATION CODE | |
| Authentication code | dc |
| 100 10 - MAIN ENTRY--PERSONAL NAME | |
| Personal name | Milet, Audrey |
| Relator term | author |
| 245 00 - TITLE STATEMENT | |
| Title | Childbirth as disaster in Balzac’s L’Enfant maudit and Barbey d’Aurevilly’s Une histoire sans nom |
| 260 ## - PUBLICATION, DISTRIBUTION, ETC. | |
| Date of publication, distribution, etc. | 2025.<br/> |
| 500 ## - GENERAL NOTE | |
| General note | 51 |
| 520 ## - SUMMARY, ETC. | |
| Summary, etc. | In a century when the development of science and medicine altered the practice and the conception of childbirth, Balzac’s L’Enfant maudit and Barbey d’Aurevilly’s Une histoire sans nom both put the emphasis on this theme in order to open it up to a broader set of considerations—initially psychological and ultimately supernatural. Similar in many ways (through elements of sexual violence, Gothic motifs, births resulting in death, and the importance of the unconscious), these novels’ birthing scenes offer an insight into the authors’ underlying theories of the body. They also invite the reader to embrace a metaphysical interpretation of the world, where the life of the soul and the workings of kinship resist all attempts at a rational explanation. |
| 786 0# - DATA SOURCE ENTRY | |
| Note | L’Année balzacienne | 26 | 1 | 2025-11-13 | p. 157-172 | 0084-6473 |
| 856 41 - ELECTRONIC LOCATION AND ACCESS | |
| Uniform Resource Identifier | <a href="https://shs.cairn.info/journal-lannee-balzacienne-2025-1-page-157?lang=en&redirect-ssocas=7080">https://shs.cairn.info/journal-lannee-balzacienne-2025-1-page-157?lang=en&redirect-ssocas=7080</a> |
Pas d'exemplaire disponible.




Réseaux sociaux